| 000 | 00339nam a22001337a 4500 | ||
|---|---|---|---|
| 008 | 250702b |||||||| |||| 00| 0 eng d | ||
| 020 | _a0521301823 | ||
| 050 |
_aHD9213 _b.L68 |
||
| 100 | _aLOVE Joy E. Paul | ||
| 245 | _aSalt of the Desert Sun | ||
| 260 |
_aNew York _bCambridge University Press _c1986 |
||
| 300 | _axvi, 351p. | ||
| 942 | _cBK | ||
| 999 |
_c4063 _d4063 |
||